000 00498nam a2200181Ia 4500
005 20250508160824.0
008 008 250505s9999 xx 000 0 eng d
037 _aTextual
040 _aFEDL
_beng
_cFEDL
041 _aeng
_2eng
084 _a370.193, NIS
_qFEDL
100 _aNisbet Robert A.
_9131533
245 0 _aSociology of emile durkheim
260 _aLondon, UK
_bHeinemann
_c1975
300 _aviii,292p.
942 _cTEXL
_h370.193, NIS
999 _c1366812
_d1366812